On the future : prospects for humanity /

"Humanity has reached a critical moment. Our world is unsettled and rapidly changing, and we face existential risks over the next century. Various outcomes--good and bad--are possible. Yet our approach to the future is characterized by short-term thinking, polarizing debates, alarmist rhetoric,...

Full description

Bibliographic Details
Main Author: Rees, Martin J., 1942- (Author)
Format: Book
Language:English
Published: Princeton, New Jersey : Princeton University Press, c2018.
Subjects:
Classic Catalogue: View this record in Classic Catalogue
LEADER 05154nam a2200517 i 4500
001 44607
003 BD-DhAAL
005 20250813163521.0
008 250813t20182018nju b 001 0 eng d
010 |a  2018935643 
015 |a GBB8E5094  |2 bnb 
016 7 |a 019007136  |2 Uk 
020 |a 9780691192369  |q (hardcover) 
020 |a 9780691180441  |q (hardcover) 
020 |a 069118044X  |q (hardcover) 
020 |z 9780691184401  |q (electronic book) 
035 |a 20366640 
035 |a (OCoLC)1028209978 
037 |b Princeton Univ Pr, C/O Ips Jackson 210 American Dr, Jackson, TN, USA, 38301  |n SAN 631-8630 
040 |a YDX  |b eng  |c YDX  |d CGP  |d KSA  |d JAS  |d IK2  |d QQ3  |d NYP  |d YDX  |d CVM  |d W2U  |d CHVBK  |d OCLCO  |d ILC  |d VP@  |d OCLCF  |d UKMGB  |d L2U  |d EAU  |d H4N  |d HZO  |d OBE  |d GYG  |d WHCCD  |d JBG  |d OCLCO  |d BDP  |d LD4  |d BYV  |d ZQP  |d OCL  |d DLC  |d BD-DhAAL 
042 |a pcc 
050 0 0 |a HM221  |b .R44 2018 
082 0 0 |a 303.483  |2 23 
084 |a SCI075000  |a SCI010000  |a SCI015000  |a SCI005000  |a COM004000  |2 bisacsh 
100 1 |a Rees, Martin J.,  |d 1942-  |e author.  |9 59030 
245 1 0 |a On the future :  |b prospects for humanity /  |c Martin Rees. 
260 |a Princeton, New Jersey :  |b Princeton University Press,  |c c2018. 
300 |a viii, 256 pages ;  |c 19 cm 
504 |a Includes bibliographical references (pages [229]-235) and index. 
505 0 0 |t Introduction --  |g . 1.  |t Deep in the Anthropocene --  |t Perils and prospects --  |t Nuclear threats --  |t Eco-threats and tipping points --  |t Staying within planetary boundaries --  |t Climate change --  |t Clean-energy - and a 'Plan B'? --  |g 2.  |t Humanity's future on Earth --  |t Biotech --  |t Cybertechnology, robotics, and AI --  |t What about our jobs? --  |t Human-level intelligence? --  |t Truly existential risks? --  |g 3.  |t Humanity in a cosmic perspective --  |t The Earth in a cosmic context --  |t Beyond our solar system --  |t Spaceflight - Manned and unmanned --  |t Towards a post-human era? --  |t Alien intelligence? --  |g 4.  |t The limits and future of science --  |t From the simple to the complex --  |t Making sense of our complex world --  |t How far does physical reality extend? --  |t Will science 'hit the buffers'? --  |t What about God? --  |g 5.  |t Conclusions --  |t Doing science --  |t Science in society --  |t Shared hopes and fears. 
520 |a "Humanity has reached a critical moment. Our world is unsettled and rapidly changing, and we face existential risks over the next century. Various outcomes--good and bad--are possible. Yet our approach to the future is characterized by short-term thinking, polarizing debates, alarmist rhetoric, and pessimism. In this short, exhilarating book, renowned scientist and bestselling author Martin Rees argues that humanity's prospects depend on our taking a very different approach to planning for tomorrow. The future of humanity is bound to the future of science and hinges on how successfully we harness technological advances to address our challenges. If we are to use science to solve our problems while avoiding its dystopian risks, we must think rationally, globally, collectively, and optimistically about the long term. Advances in biotechnology, cybertechnology, robotics, and artificial intelligence--if pursued and applied wisely--could empower us to boost the developing and developed world and overcome the threats humanity faces on Earth, from climate change to nuclear war. At the same time, further advances in space science will allow humans to explore the solar system and beyond with robots and AI. But there is no "Plan B" for Earth--no viable alternative within reach if we do not care for our home planet. Rich with fascinating insights into cutting-edge science and technology, this accessible book will captivate anyone who wants to understand the critical issues that will define the future of humanity on Earth and beyond."-- 
520 |a Our world is unsettled and rapidly changing, and we face existential risks over the next century. Various outcomes are possible, yet our approach to the future is characterized by short-term thinking, polarizing debates, alarmist rhetoric, and pessimism. Rees argues that the future of humanity is bound to the future of science and hinges on how successfully we harness technological advances to address our challenges. -- adapted from publisher info 
541 |a Donated by Farhana Zahir, Assistant Professor, BRAC Business School, BRAC University  |e 44607 
650 0 |a Technology  |x Social aspects. 
650 0 |a Science  |x Social aspects. 
650 0 |a Social prediction. 
650 0 |a Twenty-first century  |v Forecasts.  |9 20591 
650 0 |a Future, The.  |9 59031 
655 4 |a Nonfiction. 
655 7 |a Forecasts.  |2 fast  |9 59040 
655 7 |a Creative nonfiction.  |2 fast  |9 59041 
655 7 |a Creative nonfiction.  |2 lcgft  |9 59041 
852 |a Ayesha Abed Library  |c General Stacks 
942 |2 ddc  |c BK 
999 |c 47372  |d 47372 
952 |0 0  |1 0  |2 ddc  |4 0  |6 303_483000000000000_REE  |7 0  |9 78008  |a BRACUL  |b BRACUL  |c NEW  |d 2025-08-13  |e Donated by Farhana Zahir, Assistant Professor, BRAC Business School, BRAC University  |l 2  |m 17  |o 303.483 REE  |p 3010044607  |r 2026-01-08  |s 2025-10-27  |t 1  |w 2025-08-13  |y BK  |x Donated by Farhana Zahir, Assistant Professor, BRAC Business School, BRAC University ; USD 18.95